000 00509nam a2200193Ia 4500
003 OSt
005 20220926035449.0
006 a|||||r|||| 00| 0
007 ta
008 220923b |||||||| |||| 00| 0 eng d
037 _cGeneral Book
040 _aRTL
_cRTL
_beng
041 _2eng
_aeng
082 _aY0W, J8-J8;1
100 _aMoore, Jr Barrington
245 0 _aPolitical power & social theory.
942 _hY0W, J8-J8;1
_cGB
_2CC
999 _c662282
_d662282